|
|
|
|
| LEADER |
00000nab a2200000 a 4500 |
| 001 |
vtls009148519 |
| 003 |
SK-MaSNL |
| 005 |
20260506122644.0 |
| 008 |
250506c2007 xo |||||||||||000 b|slo |
| 015 |
|
|
|a SNBRB2007/10
|2 snkbucl
|
| 035 |
|
|
|a (uuid)e14aecf3-7c0e-4768-a639-107296ba72b7
|
| 035 |
|
|
|a urn:nbn:sk:snk-ab1vme
|
| 035 |
|
|
|a (urnnbn)urn:nbn:sk:snk:ar-a012dh
|
| 038 |
|
|
|a SNKBUCL
|
| 040 |
|
|
|a SNKBUCL
|b slo
|c SNKBUCL
|e AACR2
|
| 041 |
0 |
|
|a slo
|
| 044 |
|
|
|a xo
|c SK
|
| 080 |
|
|
|a 631.354.2
|2 1997
|
| 080 |
|
|
|a 631.3
|2 1997
|
| 100 |
1 |
|
|a Kukučka, Marián
|4 aut
|9 267563
|
| 245 |
1 |
0 |
|a Claas s novým kombajnom Tucano
|
| 300 |
|
|
|b Fotogr., obr., tab.
|
| 610 |
|
7 |
|a Claas (Harsewinkel, Nemecko)
|2 snkbucl
|9 1474331
|
| 650 |
0 |
7 |
|a Tucano (obilný kombajn)
|2 snkbucl
|9 1477307
|
| 650 |
0 |
7 |
|a obilné kombajny
|2 snkbucl
|9 28857
|
| 650 |
0 |
7 |
|a poľnohospodárske stroje
|2 snkbucl
|9 3574
|
| 773 |
0 |
|
|t Moderná mechanizácia v poľnohospodárstve
|g Roč. X, č. 8 (2007), s. 24-26
|x 1335-6178
|
| 850 |
|
|
|a Slovenská národná knižnica
|
| 852 |
|
|
|a Slovenská národná knižnica
|
| 954 |
|
|
|a odborná, vedecká literatúra pôvodná (slovenská)
|2 lita
|
| 958 |
|
|
|a article27
|
| 958 |
|
|
|a DE
|
| 958 |
|
|
|a OND
|
| 958 |
|
|
|a EUIPO
|
| 999 |
|
|
|c 2954411
|d 2956341
|